| 000 | 00395 a2200145 4500 | ||
|---|---|---|---|
| 999 |
_c8078 _d8078 |
||
| 020 | _a9781905783427 | ||
| 050 | _aHG3368ALI2011 | ||
| 100 |
_aAli, Rahail _eeditor |
||
| 245 |
_aSakuk and Islamic capital markets / _cedited by Rahail Ali |
||
| 264 |
_aLondon _bGlobe business publishing _c2011 |
||
| 300 | _a181p. | ||
| 500 | _aIncludes index | ||
| 650 | _aMarkets | ||
| 942 |
_2lcc _cBK _h3368 _iSUK _kHG |
||